| Поле | Инд. | ПП | Название | Значение |
|---|---|---|---|---|
| Тип записи | a | |||
| Библиографический уровень | m | |||
| 001 | Контрольный номер | 6587dd62-61d3-476e-a273-fc124c7909ce | ||
| 005 | Дата корректировки | 20131111220623.1 | ||
| 008 | Кодируемые данные | 010405 d | ||
| 020 | a | ISBN | 5-260-00249-0 (в пер.) | |
| c | Цена, тираж | 2.60 | ||
| 040 | a | Служба первич. каталог. | RU-RKP | |
| 040 | a | Служба первич. каталог. | НБ ТвГУ | |
| 041 | a | Код языка текста | rus | |
| 080 | a | Индекс УДК | 502.74:598.2 | |
| 084 | a | Индекс другой классификации/Индекс ББК | Е693.35-88 | |
| 090 | x | Авторский знак | Р27 | |
| a | Полочн. индекс | Е693.3 | ||
| 092 | a | 87.27 | ||
| 100 | 1_ | a | Автор | Рахманов Александр Иванович |
| 245 | 00 | a | Заглавие | Птицы - наши друзья |
| c | Ответственность | А. И. Рахманов | ||
| 260 | 0_ | a | Место издания | Москва |
| b | Издательство | Росагропромиздат | ||
| c | Дата издания | 1989 | ||
| 300 | a | Объем | 221,[3] с. | |
| b | Иллюстрации/ тип воспроизводства | ил. | ||
| c | Размеры | 21 см | ||
| 650 | a | Основная рубрика | Птицы | |
| 650 | a | Основная рубрика | Охрана животных | |
| 650 | a | Основная рубрика | Орнитология | |
| 653 | a | Ключевые слова | Птицы | |
| a | Ключевые слова | Охрана птиц | ||
| a | Ключевые слова | Привлечение птиц | ||
| 852 | t | Порядковый номер экземпляра | 1 | |
| p | Инвентарный номер | 601190 | ||
| 954 | a | Дата поступления на обработку | 20010405 | |
| 999 | a | Подразделение 2 | Фил3 |